000
00318 a2200145 4500
001
177165
020
_a
040
_c
Magnum
100
_a
Bulloch, Ivan
240
1
0
_a
Desafios matematicos: jogos
_l
por
245
1
0
_a
Desafios matematicos: jogos
362
0
_a
1899
697
_a
MAGNITO: PARADIDATICO
942
_c
BK
999
_c
177165
_d
177165